| 000 | 00450nam a22001697a 4500 | ||
|---|---|---|---|
| 003 | NUST - PNEC | ||
| 005 | 20170116180951.0 | ||
| 008 | 150908b xxu||||| |||| 00| 0 eng d | ||
| 020 | _a- | ||
| 040 | _cLIBRARY | ||
| 082 | _a623.82 GIL | ||
| 100 |
_99147 _aGillmer T. C. |
||
| 245 |
_aFundamentals of construction & stability of naval ships _cThomas C. Gillmer |
||
| 260 | _cc.1956 | ||
| 650 |
_99152 _aMechnical engineering _xME |
||
| 942 |
_2ddc _cBK |
||
| 999 |
_c66428 _d66428 |
||